1995年・日本と世界はこう変わる
Na minha lista:
| Autor principal: | |
|---|---|
| Formato: | Livro |
| Idioma: | Undetermined |
| Publicado em: |
東京
PHP研究所
1986
|
| Tags: |
Adicionar Tag
Sem tags, seja o primeiro a adicionar uma tag!
|
| Thư viện lưu trữ: | Trung tâm Học liệu Trường Đại học Cần Thơ |
|---|
| LEADER | 00505nam a2200169Ia 4500 | ||
|---|---|---|---|
| 001 | CTU_89865 | ||
| 008 | 210402s9999 xx 000 0 und d | ||
| 082 | |a 330.952 | ||
| 082 | |b M424 | ||
| 100 | |a 舛添要一(ますぞえ よういち) | ||
| 245 | 0 | |a 1995年・日本と世界はこう変わる | |
| 245 | 0 | |c 舛添要一, プロジェクト3D | |
| 260 | |a 東京 | ||
| 260 | |b PHP研究所 | ||
| 260 | |c 1986 | ||
| 904 | |i Ngoc | ||
| 980 | |a Trung tâm Học liệu Trường Đại học Cần Thơ | ||